00490nam a2200193 a 4500001001300000003000900013005001700022008004100039020001000080082001500090100001500105245003700120260004200157300000900199500003500208505001700243650002100260700001500281nice12345678IN_TiNIC20260116011349.0050524s1926 para grp 000 0 fre  ac10000a281.8bBLO aBlochet, E aLa Conquete Des Etats Nestoriens aParisbLibrairie Auguste Picardc1926 a129p aincludes index and biblioraphy2 aBibliography aNestorian Church1 aBlochet, E